00470nam a22001697a 450000500170000001000150001702000180003203500140005003700090006408200140007310000190008724500580010626000380016427000740020230000210027670000030029720250903121604.0 aENG-146594 a9788195587858 aEN-130126 bDBAD a659.10954 aJain,Jyotindra aThe Story of Early Indian AdvertisingcJain Jyotindra aMumbaibThe Marg Foundationc2025 bMumbaiaArmy & Navy Building (3rd Floor), 148,M.G.Road,Mumbaie400001 a109p.c25cm(pbk)